00867nam a22002417a 450000500170000001000130001702000260003003500130005603700160006904000120008508200130009710000230011024500920013326000310022527000420025630000250029850000500032365000440037365000310041794200220044899900190047095201360048920170124105929.0 aB-120778 a9788172731533c600.00 aB-120778 bCen Lib/Ret aDPLbEN a323bMIS aMishra, R.C.91167 aGovernance of human rights :cby R.C. Mishra bchallenges in the age of globalisation / aDelhibAuthors pressc2003 aE-35/103, Jawahar ParkbDelhie110092 avi,298p. :c22cm(Hb) aIncludes bibliographical references and index aSocial responsibility of business97883 aDeveloping countries96550 2ddccENh323mMIS c123739d123739 00104070aLbLd2015-06-11eCen Lib/Retg600.00l1o323 MISpB-120778r2017-09-26 00:00:00s2017-09-07t1v600.00w2015-06-11yEN